Responses for show #5121 - Monday, December 11, 2006

Christian Haines game 4.

Contestants

Robin Pelkey, a law student originally from Kamuela, Hawaii

John Gershkoff, a realtor from Fort Lauderdale, Florida

Christian Haines, a Congressional special assistant from Newport News, Virginia (whose 3-day cash winnings total $66,200)

Jeopardy! Round responses

HISTORICAL NOVELS
SEQUELITIS
OFFICIAL LANGUAGES
THE DUKES OF HAZARD
KITCHEN: IMPOSSIBLE
YOU'VE GOT OUR NUMBER
    $200 21
The French Revolution

Christian
    $200 6
Speed

John
    $200 7
Spanish

Christian
    $200 26
Prince Philip

Christian
    $200 1
a truffle

Christian
    $200 16
(John: What is a million dollars?)
...
(Alex: There are 793 of them in the world.)

a billion dollars

ChristianJohn
    $400 22
(William Tecumseh) Sherman

Christian
    $400 8
Jaws

John
    $400 9
Portuguese

Robin
    $400 27
Nicholas II

Christian
    $400 2
Wolfgang Puck

Robin
    $400 17
10,000

Christian
    $600 23
the O.K. Corral

Christian
    $600 13
Caddyshack

Christian
    $600 10
Russian

John
    $600 28
(Oliver) Cromwell

Christian
    $600 3
fugu

Christian
    $600 18
100

Christian
    $800 24
Johannes Vermeer

Christian
    $800 14
The Blair Witch Project

Christian
    $1,200 11
(John: What is English?)

Arabic

John
    $800 29
(Christian: What is Twelfth Night?)
(Alex: No. You finally missed something!)

The Tempest

ChristianRobin
    $800 4
Rachael Ray

Robin
    $800 19
(John: What is three?)

ten

ChristianJohn
    $1000 25
(Leon) Uris

John
    $1000 15
Grease

Christian
    $1000 12
(John: What is French?)

English

ChristianJohn
    $1000 30
Edward, the Black Prince

Robin
    $1000 5
(Alex: And that does it for that kind of music.)

a soufflé

Christian
    $1000 20
million

Christian

Scores at the first commercial break (after clue 15):

Christian John Robin
$5,400 -$1,000 $1,600

Scores at the end of the Jeopardy! Round:

Christian John Robin
$10,800 -$1,000 $3,400

Double Jeopardy! Round responses

JORDAN
MAGIC
BIRD
PISTOL PETE
THE BIG "O"
SALUTE TO THE NBA
    $400 6
the Roman Empire

Christian
    $400 26
Magic Marker

Robin
    $400 21
the mockingbird

Christian
    $400 12
North Carolina

Robin
    $400 1
obstetrics

John
    $400 7
[ERRATUM: Most sources say Stockton had 3,265 [*].]

steals

John
    $800 13
the United Kingdom

Christian
    $800 27
Heart

Robin
    $800 22
a stork

Christian
    $800 17
Peter Gunn

Christian
    $800 2
occidental

Christian
    $800 8
(Christian: Who is Wilt Chamberlain?)

Kareem Abdul-Jabbar

Christian
Triple Stumper
    $2,000 14
King Hussein

Christian
    $1200 28
a magic square

Christian
    $1200 23
a pigeon

Christian
    $2,800 18
Peter O'Toole

Christian
    $1200 3
octaves

Christian
    $1200 9
Bill Russell

Christian
    $1600 15
Iraq

Triple Stumper
    $1600 29
Industrial Light & Magic

Christian
    $1600 24
a woodpecker

John
    $1600 19
saltpeter

John
    $1600 4
obscurity

Robin
    $1600 10
Julius Erving ("Dr. J")

Christian
    $2000 16
(John: What is 1973?)

1967

ChristianJohn
    $2000 30
(Christian: What are images?)

magic lantern

Christian
Triple Stumper
    $2000 25
a chickadee

Christian
    $2000 20
(Christian: What is University of New Mexico?)

New Mexico State

ChristianJohn
    $2000 5
omnibus

Triple Stumper
    $2000 11
blocks

Christian

Scores at the end of the Double Jeopardy! Round:

Christian John Robin
$28,800 $3,000 $6,600
(lock game)

[wagering suggestions for these scores]

Final Jeopardy! Round responses

CABLE TELEVISION
JohnWhat is Band of Brothers? (Hi Hailey..from Lolo)
$2,000
RobinWhat is Band of Brothers?
$599
ChristianWhat is Band of Brothers?
$10,000
Band of Brothers

Final scores:

Christian John Robin
$38,800 $5,000 $7,199
4-day champion: $105,000 3rd place: $1,000 2nd place: $2,000

Game dynamics:

Coryat scores:

Christian John Robin
$26,400 $4,200 $6,600
37 R
(including 2 DDs),
4 W
9 R,
5 W
(including 1 DD)
9 R,
0 W

Combined Coryat: $37,200

The J! Archive is created by fans, for fans. The Jeopardy! game show and all elements thereof, including but not limited to copyright and trademark thereto, are the property of Jeopardy Productions, Inc. and are protected under law. This website is not affiliated with, sponsored by, or operated by Jeopardy Productions, Inc. Join the discussion at JBoard.tv.